00898cam a22002417a 45000010009000000050017000090080041000260200022000670200025000890200025001140820024001391000027001632450104001902600031002943000035003256500032003606530022003926500033004147000027004479420012004749990017004869520153005031473027820161023152045.0070209s2007 enka b 001 0 eng  a1846286212 (hbk.) a9781846286216 (hbk.) z9781846286212 (ebk.)04a658.40352 222bBIR1 aBirta, Louis G.93247710aModelling and Simulation :bExploring Dynamic System Behaviour /cLouis G. Birta and Gilbert Arbez. aLondon :bSpringer,c2007. axvii, 454 p. :bill. ;c25 cm. 0aComputer simulation.932478 bGencFebruary2013 0932479aDiscrete-time systems1 aArbez, Gilbert.932480 2ddccBB c17254d17226 00102ddc40708BaccahaMAINbMAINc1STd2013-02-06epurchaseg510.00h16976l1m14o658.40352 BIRp000028025r2025-07-15 00:00:00s2019-01-13yBB